| 000 | 00458nam a22001697a 4500 | ||
|---|---|---|---|
| 003 | CEME | ||
| 005 | 20210628203700.0 | ||
| 008 | 210317b xxu||||| |||| 00| 0 eng d | ||
| 020 | _a0-8448-1693-0 | ||
| 040 | _c. | ||
| 082 | _a536.7 EXT'S | ||
| 100 |
_aSalman, P, Sieniutycz, S _966825 |
||
| 245 | _aExternal thermodynamic systems, advances in thermodynamics systems | ||
| 260 |
_aNEWYORK _bTAYLOR AND FRANCIS _c1992 |
||
| 300 | _a458P | ||
| 942 |
_cBK _2ddc |
||
| 999 |
_c574717 _d574717 |
||